<?xml version="1.0" encoding="UTF-8"?><?xml-stylesheet type="text/xsl" href="static/style.xsl"?><OAI-PMH xmlns="http://www.openarchives.org/OAI/2.0/" xmlns:xsi="http://www.w3.org/2001/XMLSchema-instance" xsi:schemaLocation="http://www.openarchives.org/OAI/2.0/ http://www.openarchives.org/OAI/2.0/OAI-PMH.xsd"><responseDate>2026-06-07T11:31:10Z</responseDate><request verb="GetRecord" identifier="oai:docta.ucm.es:20.500.14352/94683" metadataPrefix="marc">https://docta.ucm.es/rest/oai/request</request><GetRecord><record><header><identifier>oai:docta.ucm.es:20.500.14352/94683</identifier><datestamp>2025-02-20T19:10:37Z</datestamp><setSpec>com_20.500.14352_14</setSpec><setSpec>col_20.500.14352_15</setSpec></header><metadata><record xmlns="http://www.loc.gov/MARC21/slim" xmlns:dcterms="http://purl.org/dc/terms/" xmlns:xsi="http://www.w3.org/2001/XMLSchema-instance" xmlns:doc="http://www.lyncode.com/xoai" xsi:schemaLocation="http://www.loc.gov/MARC21/slim http://www.loc.gov/standards/marcxml/schema/MARC21slim.xsd">
   <leader>00925njm 22002777a 4500</leader>
   <datafield ind2=" " ind1=" " tag="042">
      <subfield code="a">dc</subfield>
   </datafield>
   <datafield ind2=" " ind1=" " tag="720">
      <subfield code="a">Santmartí Oliver, Margalida</subfield>
      <subfield code="e">author</subfield>
   </datafield>
   <datafield ind2=" " ind1=" " tag="720">
      <subfield code="a">Hernando Calzado, Lucía</subfield>
      <subfield code="e">author</subfield>
   </datafield>
   <datafield ind2=" " ind1=" " tag="720">
      <subfield code="a">Cortés Bretón Brinkmann, Jorge</subfield>
      <subfield code="e">author</subfield>
   </datafield>
   <datafield ind2=" " ind1=" " tag="720">
      <subfield code="a">Sánchez Labrador, Luis</subfield>
      <subfield code="e">author</subfield>
   </datafield>
   <datafield ind2=" " ind1=" " tag="720">
      <subfield code="a">Sáez Alcaide,  Luis Miguel</subfield>
      <subfield code="e">author</subfield>
   </datafield>
   <datafield ind2=" " ind1=" " tag="720">
      <subfield code="a">Meniz García, Cristina María</subfield>
      <subfield code="e">author</subfield>
   </datafield>
   <datafield ind2=" " ind1=" " tag="260">
      <subfield code="c">2023</subfield>
   </datafield>
   <datafield ind2=" " ind1=" " tag="520">
      <subfield code="a">Purpose: This systematic review aimed to evaluate the medium-term (3-year) overall survival and success rates, marginal bone loss and different biological parameters displayed with one-piece zirconia implants.

Materials and methods: Electronic searches were conducted of the MEDLINE (via PubMed), Scopus (Elsevier), Cochrane Library (Wiley) and Web of Science (Clarivate Analytics) databases and manual searching was also performed for relevant articles published up to 14 November 2022. The review included human studies with a minimum of 10 subjects and/or 20 implants and with a follow-up period of at least 3 years after implant placement.

Results: Twelve studies met the inclusion criteria and were included for analysis, giving a total of 1,621 one-piece zirconia implants. Eleven studies were included to perform a meta-analysis of survival rates, and six for success rates and marginal bone loss. The survival and success rates at the 3-year follow-up were 94.4% (95% confidence interval 90.4%-98.4%; P &lt; 0.001) and 91.6% (95% confidence interval 84.2%-98.9%; P &lt; 0.001), respectively, and marginal bone loss was 0.231 mm (95% confidence interval 0.190-0.272; P &lt; 0.001).

Conclusions: One-piece zirconia implants appear to be a reliable option for restoring missing teeth, obtaining an implant survival rate of 94.4% and a success rate of 91.6% after a follow-up period of at least 3 years. Moreover, the results showed acceptable rates of marginal bone loss and adequate biological parameters.</subfield>
   </datafield>
   <datafield ind1="8" ind2=" " tag="024">
      <subfield code="a">Santmartí-Oliver M, Hernando-Calzado L, Cortés-Bretón Brinkmann J, Sánchez-Labrador L, Sáez Alcaide LM, Meniz-García C. Medium-term clinical behaviour of one-piece zirconia implants supporting single crowns or fixed dental prostheses: A systematic review and meta-analysis. Int J Oral Implantol (Berl). 2023 Sep 28;16(3):181-194</subfield>
   </datafield>
   <datafield ind1="8" ind2=" " tag="024">
      <subfield code="a">2631-6420</subfield>
   </datafield>
   <datafield ind1="8" ind2=" " tag="024">
      <subfield code="a">https://hdl.handle.net/20.500.14352/94683</subfield>
   </datafield>
   <datafield ind1="8" ind2=" " tag="024">
      <subfield code="a">2631-6439</subfield>
   </datafield>
   <datafield ind1="8" ind2=" " tag="024">
      <subfield code="a">https://www.quintessence-publishing.com/deu/en/article/4446193</subfield>
   </datafield>
   <datafield ind1="8" ind2=" " tag="024">
      <subfield code="a">37767614</subfield>
   </datafield>
   <datafield ind2="0" ind1="0" tag="245">
      <subfield code="a">Medium-term clinical behaviour of one-piece zirconia implants supporting single crowns or fixed dental prostheses: A systematic review and meta-analysis</subfield>
   </datafield>
</record></metadata></record></GetRecord></OAI-PMH>